| 000 | 00733nam a2200205 a 4500 | ||
|---|---|---|---|
| 001 | 000039796 | ||
| 005 | 20201002033735.0 | ||
| 008 | 130722s1987 cl 000 0 spa d | ||
| 020 | _a8483401819 | ||
| 020 | _a8483401819 | ||
| 040 |
_aDO-SdBNP _bspa _cBNPHU |
||
| 082 | _axxx | ||
| 100 | 1 |
_aBarros Arana, Diego, _d1830-1907 _965991 |
|
| 245 | 1 | 0 |
_aDiego Barros Arana : _bpáginas escogidas / _csemblanza de Diego Barros Arana por Enrique Campos Menéndez ; compilación Alfonso Calderón. |
| 260 |
_aSantiago de Chile : _bEditorial Universitaria, _bBiblioteca Nacional, _c1987. |
||
| 300 |
_a450 p. ; _c23 cm. |
||
| 490 | 1 | _aBiblioteca Nacional | |
| 700 | 1 |
_aCalderón, Alfonso, _ecomp. _947986 |
|
| 830 | 0 |
_aBiblioteca Nacional _925693 |
|
| 999 |
_c39286 _d39286 |
||